| 000 | 01585nam a2200349 a 4500 | ||
|---|---|---|---|
| 001 | BRCA_4271 | ||
| 005 | 20190320204617.0 | ||
| 008 | 780629r18401971mx-ah#####---#000-0#spa-# | ||
| 041 | _aspaeng | ||
| 044 | _amx | ||
| 050 | 4 |
_aND497.E3 _b.V57 1971 |
|
| 245 | 1 | 0 |
_aVistas de México por D. T. Egerton _bserie de doce litografías iluminadas a mano por el autor de sus dibujos originales acompañados de una breve descripción _cedición facsimilar especial de Francisco Zamora Millet ; prólogo, traducción y biografía de Manuel Romero de Terreros ; colaboración de María Josefa Fernández de Henestrosa. |
| 250 | _a2 | ||
| 260 |
_aMéxico _bFrancisco Zamora Millet _c1971 |
||
| 300 |
_a1 v. (sin paginación) _bil. a color _c63 cm. |
||
| 500 | _aTítulo en cubierta: Egerton en México, 1830-1840 | ||
| 500 | _aFacsímil de: Egerton´s Views in Mexico ... Londres, 1840 | ||
| 500 | _aEstado físico: encuadernación deteriorada del lomo | ||
| 500 | _aPor su formato NO se presta a domicilio | ||
| 500 | _aDonación del Sr. Alfredo Vega Alarcón en junio de 2010 | ||
| 546 | _aTexto en: español e inglés | ||
| 600 | 1 | 4 |
_aEgerton, Daniel Thomas _d1797-1842 _9767 |
| 650 | 1 | 4 |
_aViajeros ingleses _ySiglo XIX _991 |
| 651 | 4 |
_aMéxico _xDescripción y viajes _9103 |
|
| 651 | 4 |
_aMéxico _xVida social y costumbres _9769 |
|
| 653 | 0 | _aVida cotidiana | |
| 653 | 0 | _aViajeros extranjeros en México | |
| 700 | 1 |
_aRomero de Terreros, Manuel _911004 |
|
| 700 | 1 |
_aFernández de Henestrosa, María Josefa _911005 |
|
| 700 | 1 |
_aZamora Millet, Francisco _911006 |
|
| 942 |
_2lcc _cB |
||
| 999 |
_c3982 _d3982 |
||